Central Library OPAC University of Rajshahi

The siege : (Record no. 27303)

MARC details
000 -LEADER
fixed length control field 00666cam a22002411 4500
001 - CONTROL NUMBER
control field 27303
003 - CONTROL NUMBER IDENTIFIER
rucl marc code BD-RjUL
005 - DATE AND TIME OF LATEST TRANSACTION
control field 20211209051134.0
008 - FIXED-LENGTH DATA ELEMENTS--GENERAL INFORMATION
fixed length control field 140324s1956 xx 000 0 eng
035 ## - SYSTEM CONTROL NUMBER
System control number (BD-RjUL)27375
System control number (OCoLC)1453923
040 ## - CATALOGING SOURCE
Original cataloging agency DLC
Transcribing agency FM
Modifying agency DLC
Language of cataloging eng
041 ## - LANGUAGE CODE
Language code of text/sound track or separate title eng
082 ## - DEWEY DECIMAL CLASSIFICATION NUMBER
Classification number 940.542
Author mark and year CAS 1956
100 1# - MAIN ENTRY--PERSONAL NAME
Personal name Campbell, Arthur.
9 (RLIN) 83815
245 14 - TITLE STATEMENT
Title The siege :
Remainder of title a story from Kohima /
Statement of responsibility, etc. Arthur Campbell
260 ## - PUBLICATION, DISTRIBUTION, ETC. (IMPRINT)
Place of publication, distribution, etc. London :
Name of publisher, distributor, etc. Allen & Unwin,
Date of publication, distribution, etc. c1956
300 ## - PHYSICAL DESCRIPTION
Pagination 211 p. :
Illustrations ill. ;
Size 23 cm.
651 #0 - SUBJECT ADDED ENTRY--GEOGRAPHIC NAME
Geographic name Kohima, Battle of, Kohima, India, 1944.
9 (RLIN) 83816
942 ## - ADDED ENTRY ELEMENTS (KOHA)
Source of classification or shelving scheme Dewey Decimal Classification
Koha item type Books
Holdings
Lost status Source of classification or shelving scheme Damaged status Not for loan Collection code Permanent Location Current Location Shelving location Date acquired Source of acquisition Cost, normal purchase price Total Checkouts Full call number Date last seen Copy number Koha item type
  Dewey Decimal Classification   Added to bundle Non-fiction Central Library, University of Rajshahi Central Library, University of Rajshahi Reading Room 12/09/1956 pak American commiercial , karachi 10.30   940.542 CAS 1956 24/03/2014 C-1 Books